00567 2200241 4500001002100000005001500021035002000036245005300056100001700109300002800126260003100154082000800185084001400193020002200207990001200229990001200241990001200253990001200265990001200277990001200289990001200301990001200313INLIS00000000000311620251015021532 a0010-10250000201 aX-Press TKA SMA/MA Ekonomi /cErni Lestari, S.Pd0 aErni Lestari a180 hlm ;c21 x 25,5 cm aJakarta :bErlangga,c2025 a330 a330 ERN x a978-623-522-802-0 a0755747 a0755748 a0755749 a0755750 a0755751 a0755752 a0755753 a0755754